Central Library OPAC University of Rajshahi

Anthropology : (Record no. 74522)

MARC details
000 -LEADER
fixed length control field 00741nam a2200229 a 4500
001 - CONTROL NUMBER
control field 74522
003 - CONTROL NUMBER IDENTIFIER
rucl marc code BD-RjUL
005 - DATE AND TIME OF LATEST TRANSACTION
control field 20211209082550.0
008 - FIXED-LENGTH DATA ELEMENTS--GENERAL INFORMATION
fixed length control field 181013r19721948ii ||||| i||| 001 0 eng d
035 ## - SYSTEM CONTROL NUMBER
System control number (BD-RjUL)74740
040 ## - CATALOGING SOURCE
Original cataloging agency BD-RjUL
Language of cataloging eng
Transcribing agency BD-RjUL
041 ## - LANGUAGE CODE
Language code of text/sound track or separate title eng
082 ## - DEWEY DECIMAL CLASSIFICATION NUMBER
Edition number 23
Classification number 301
Author mark and year KRA 1972
100 ## - MAIN ENTRY--PERSONAL NAME
Relator code Kroeber, A. L.
Personal name (Alfred Louis),
Dates associated with a name 1876-1960.
9 (RLIN) 223682
245 ## - TITLE STATEMENT
Title Anthropology :
Remainder of title race, language, culture, psychology, prehistory /
Statement of responsibility, etc. Kroeber.
250 ## - EDITION STATEMENT
Edition statement Indian ed.
260 ## - PUBLICATION, DISTRIBUTION, ETC. (IMPRINT)
Place of publication, distribution, etc. CalCutta ;
-- Bombay :
Name of publisher, distributor, etc. Oxford & IBH Publishing ,
Date of publication, distribution, etc. 1967( Reprint 1972)
300 ## - PHYSICAL DESCRIPTION
Pagination xii, 856, xxxix p. :
Illustrations ill. ;
Size 24 cm.
504 ## - BIBLIOGRAPHY, ETC. NOTE
Bibliography, etc Includes Bibliographical and indexes.
650 ## - SUBJECT ADDED ENTRY--TOPICAL TERM
Topical term or geographic name as entry element Anthropology.
9 (RLIN) 223683
942 ## - ADDED ENTRY ELEMENTS (KOHA)
Source of classification or shelving scheme Dewey Decimal Classification
Koha item type Books
Holdings
Lost status Source of classification or shelving scheme Damaged status Not for loan Collection code Permanent Location Current Location Shelving location Date acquired Source of acquisition Cost, normal purchase price Total Checkouts Full call number Date last seen Copy number Koha item type
  Dewey Decimal Classification   Not For Loan Non-fiction Central Library, University of Rajshahi Central Library, University of Rajshahi Reading Room 13/10/2018 1973-08-07 15.00   301 KRA 1972 13/10/2018 C-1 Books
  Dewey Decimal Classification     Non-fiction Central Library, University of Rajshahi Central Library, University of Rajshahi   14/02/1974 U.S. Govt.     301 KRA 1972 08/01/2019 C-2 Books
  Dewey Decimal Classification     Non-fiction Central Library, University of Rajshahi Central Library, University of Rajshahi   11/09/1990 Shaukat Osman 49.50   301 KRA 1972 17/01/2019 C-3 Books